| 000 | 01146nam0a22003131 4500 | ||
|---|---|---|---|
| 001 | rc\4304530 | ||
| 005 | 20260406201423.0 | ||
| 021 |
_aRU _bРг4680-69 |
||
| 021 |
_aRU _b69-30395 |
||
| 035 | _a(NLR Aleph) 008257990 | ||
| 090 |
_a8378380 _c8378380 |
||
| 100 | _a20130416d1968 |||y0rusy50 ca | ||
| 101 | 0 | _arus | |
| 102 | _aRU | ||
| 105 | _ay z ||||| | ||
| 200 | 1 |
_aЛенинская теория отражения и кибернетика _fО-о "Знание" УССР |
|
| 210 |
_aКиев _cБ. и. _d1968 |
||
| 215 |
_a48 с. _d20 |
||
| 225 | 1 | _aМатериал в помощь лектору | |
| 300 | _aНа обороте тит. л. авт.: Вдовиченко Г.Г., канд. филос. наук, доц. | ||
| 300 | _aОтпеч. множит. аппаратом | ||
| 320 | _aБиблиогр.: с. 47-48 | ||
| 700 | 1 |
_aВдовиченко _bГ.Г. _gГеоргий Григорьевич |
|
| 712 | 0 | 2 |
_a"Знание", общество Украины _cКиев _3RU\NLR\AUTH\889961127 _9418562 |
| 801 | 0 |
_aRU _bNLR _gpsbo |
|
| 801 | 1 |
_aRU _bELAR _2rusmarc |
|
| 852 |
_aNLR _j69-4/7951 |
||
| 942 | _cBOOK | ||
| 980 | _aNB | ||